书目信息 |
| 题名: |
体育教育心理学--打开体育教育心理的神秘黑箱
|
|
| 作者: | 张子沙 编著 | |
| 分册: | ||
| 出版信息: | 北京 警官教育出版社 1998.08 |
|
| 页数: | 194页 | |
| 开本: | 32开 | |
| 丛书名: | 教育心理学丛书 | |
| 单 册: | ||
| 中图分类: | G447 | |
| 科图分类: | ||
| 主题词: | 教育心理学 | |
| 电子资源: | ||
| ISBN: | 7-81027-977-7 | |
| 000 | 00687nam0 2200217 45 | |
| 001 | 0010301656 | |
| 005 | 20031219104047.0 | |
| 010 | @a7-81027-977-7@dCNY8.50 | |
| 100 | @a20001030d1998 km y0chiy0120 ea | |
| 101 | 0 | @achi |
| 105 | @a z 000yy | |
| 200 | 1 | @a体育教育心理学--打开体育教育心理的神秘黑箱@ATi Yu Jiao Yu Xin Li Xue--Da Kai Ti Yu Jiao Yu XinLi De Shen Mi Hei Xiang@f张子沙编著@FZhang Zi Sha Bian Zhu |
| 210 | @a北京@c警官教育出版社@d1998.08 | |
| 215 | @a194页@d32开 | |
| 225 | @a教育心理学丛书 | |
| 410 | @12001 @a教育心理学丛书 | |
| 606 | 0 | @a教育心理学 |
| 690 | @aG447@v3 | |
| 701 | 0 | @a张子沙@4编著 |
| 801 | @aCN@bTSTC@c20001030 | |
| 905 | @b292245-249@dG447@e77@f5 | |
| 体育教育心理学--打开体育教育心理的神秘黑箱/张子沙编著.-北京:警官教育出版社,1998.08 |
| 194页;32开.-(教育心理学丛书) |
| ISBN 7-81027-977-7:CNY8.50 |
| ● |
| 相关链接 |
|
|
|
|
正题名:体育教育心理学--打开体育教育心理的神秘黑箱
索取号:G447/77
 
预约/预借
| 序号 | 登录号 | 条形码 | 馆藏地/架位号 | 状态 | 备注 |
| 1 | 0292245 | 002922458 | 第四借阅区/ [索取号:G447/77] | 在馆 | |
| 2 | 0292246 | 002922467 | 第四借阅区/ [索取号:G447/77] | 在馆 | |
| 3 | 0292247 | 002922476 | 第四借阅区/ [索取号:G447/77] | 在馆 | |
| 4 | 0292248 | 002922485 | 第四借阅区/ [索取号:G447/77] | 在馆 | |
| 5 | 0292249 | 002922494 | 第一样本阅览室/ [索取号:G447/77] | 在馆 |